Library of the University of Algiers 3
Ibrahim Sultan Cheibout
شعار جامعة الجزائر 3
مكتبة جامعة الجزائر 3
إبراهيم سلطان شيبوط

جرائم الشيك واوجه الدفاع والدفوع فيه / (رقم التسجيلة. 42805)

تفاصيل مارك
000 -LEADER
fixed length control field 01287nam a2200205Ia 4500
003 - CONTROL NUMBER IDENTIFIER
control field Ost
005 - DATE AND TIME OF LATEST TRANSACTION
control field 20260507075102.0
008 - FIXED-LENGTH DATA ELEMENTS--GENERAL INFORMATION
fixed length control field 260507s9999||||xx |||||||||||||| ||und||
040 ## - CATALOGING SOURCE
Transcribing agency fsecg
041 ## - LANGUAGE CODE
Language code of text/sound track or separate title ara
082 ## - DEWEY DECIMAL CLASSIFICATION NUMBER
Classification number 332.76
100 ## - MAIN ENTRY--PERSONAL NAME
Personal name عبد التواب، حمدى معوض
Relator term مؤلف
245 #0 - TITLE STATEMENT
Title جرائم الشيك واوجه الدفاع والدفوع فيه /
Statement of responsibility, etc. حمدى معوض عبد التواب
260 ## - PUBLICATION, DISTRIBUTION, ETC.
Place of publication, distribution, etc. القاهرة:
Name of publisher, distributor, etc. المركز القومى الاصدارات القانونية,
Date of publication, distribution, etc. 2003
300 ## - PHYSICAL DESCRIPTION
Extent 328 صفحة؛
Dimensions 24 سم
520 ## - SUMMARY, ETC.
Summary, etc. المقومات القانونية للشيك الشروط الشكيلية للشيك ، الشروط الموضوعية للشيك ، الشروط والبيانات الاختيارية والاكراه والاهلية في الشيك ، الاثار المترتبة على تخلف شروط الشيك جرائم أطراف الشيك الجرائم التي تقع من مصدر الشيك ، الجرائم التي تقع من المستفيد ، الجرائم التي تقع من المسحوب عليه الدفوع في الشيك ، نصوص قانون الشيك الجديد
653 ## - INDEX TERM--UNCONTROLLED
Uncontrolled term الشيكات-قضايا
653 ## - INDEX TERM--UNCONTROLLED
Uncontrolled term القانون التجاري
942 ## - ADDED ENTRY ELEMENTS (KOHA)
Koha item type كتب
المقتنيات
Withdrawn status Lost status Source of classification or shelving scheme Damaged status Not for loan Home library Current library Date acquired Serial enumeration / chronology Inventory number Total checkouts Full call number Barcode Date last seen Price effective from Koha item type
    Dewey Decimal Classification   Available مكتبة كلية العلوم الإقتصادية والعلوم التجارية وعلوم التسيير مكتبة كلية العلوم الإقتصادية والعلوم التجارية وعلوم التسيير 07/05/2026 الطابق الأرضي أ/1153/1   أ/1153ن1 أ/1153/1 07/05/2026 07/05/2026 كتب
    Dewey Decimal Classification   Available مكتبة كلية العلوم الإقتصادية والعلوم التجارية وعلوم التسيير مكتبة كلية العلوم الإقتصادية والعلوم التجارية وعلوم التسيير 07/05/2026 الطابق الأرضي أ/1153/2   أ/1153ن2 أ/1153/2 07/05/2026 07/05/2026 كتب
    Dewey Decimal Classification   Available مكتبة كلية العلوم الإقتصادية والعلوم التجارية وعلوم التسيير مكتبة كلية العلوم الإقتصادية والعلوم التجارية وعلوم التسيير 07/05/2026 الطابق الأرضي أ/1153/3   أ/1153ن3 أ/1153/3 07/05/2026 07/05/2026 كتب
    Dewey Decimal Classification   Available مكتبة كلية العلوم الإقتصادية والعلوم التجارية وعلوم التسيير مكتبة كلية العلوم الإقتصادية والعلوم التجارية وعلوم التسيير 07/05/2026 الطابق الثاني أ/1153/4   أ/1153ن4 أ/1153/4 07/05/2026 07/05/2026 كتب
    Dewey Decimal Classification   Available مكتبة كلية العلوم الإقتصادية والعلوم التجارية وعلوم التسيير مكتبة كلية العلوم الإقتصادية والعلوم التجارية وعلوم التسيير 07/05/2026 الطابق الثاني أ/1153/5   أ/1153ن5 أ/1153/5 07/05/2026 07/05/2026 كتب
    Dewey Decimal Classification   NOT LOAN / إعارة داخلية مكتبة كلية العلوم الإقتصادية والعلوم التجارية وعلوم التسيير مكتبة كلية العلوم الإقتصادية والعلوم التجارية وعلوم التسيير 07/05/2026 الطابق الثاني 025.21/232   أ/1153ن6 025.21/232 07/05/2026 07/05/2026 كتب

موارد الويب المفتوحة


© University of Algiers 3 All Rights Reserved
|
Implemented by LECHELAH Riad